[Event "14th EUR-ch"]
[Site "Legnica POL"]
[Date "2013.05.14"]
[Round "9"]
[White "Stocek, Jiri"]
[Black "Kurnosov, Igor"]
[Result "0-1"]
[WhiteElo "2549"]
[BlackElo "2654"]
[EventDate "2013.05.05"]
[PlyCount "116"]

1.d4 d6 2.Nf3 Nf6 3.c4 g6 4.Nc3 Bg7 5.h3 O-O 6.e4 e5 7.d5 Nh5 8.g3 a5 9.
Be2 Na6 10.a3 f5 11.exf5 gxf5 12.g4 Nf4 13.Bxf4 exf4 14.Qc2 Nc5 15.O-O-O 
Bd7 16.Kb1 Qe8 17.Nd4 Ne4 18.gxf5 Nxc3+ 19.Qxc3 Qxe2 20.Nxe2 Bxc3 21.Nxc3 
Bxf5+ 22.Kc1 Rae8 23.Kd2 Kg7 24.Rhg1+ Kf6 25.h4 Rf7 26.Nb5 Re4 27.Kc3 f3 
28.Rg3 Rxh4 29.Rxf3 Rh3 30.Rxh3 Bxh3 31.Rh1 Bf5 32.Nd4 Bg6 33.f4 Re7 34.
Rh3 h5 35.b4 axb4+ 36.axb4 Re4 37.f5 Be8 38.Kd3 Rg4 39.Re3 Bd7 40.Rh3 h4 
41.Ne6 c6 42.Rh1 cxd5 43.cxd5 Kxf5 44.Rf1+ Ke5 45.Rf7 Bb5+ 46.Ke3 h3 47.
Rh7 Rg3+ 48.Kf2 Rg2+ 49.Ke3 Bf1 50.Nf4 Rb2 51.Rh5+ Kf6 52.Kf3 Rxb4 53.Rh6+
Ke5 54.Rh5+ Kd4 55.Kf2 Bg2 56.Rh4 Rb2+ 57.Kg3 Rb3+ 58.Kh2 Ke5 0-1

[Event "14th EUR-ch"]
[Site "Legnica POL"]
[Date "2013.05.14"]
[Round "9"]
[White "Cyborowski, Lukasz"]
[Black "Gajewski, Grzegorz"]
[Result "1/2-1/2"]
[WhiteElo "2543"]
[BlackElo "2653"]
[EventDate "2013.05.05"]
[PlyCount "66"]

1.Nf3 d5 2.d4 Nf6 3.c4 e6 4.Nc3 c6 5.Bg5 Nbd7 6.e3 Qa5 7.Nd2 Bb4 8.Qc1 
dxc4 9.Bxf6 Nxf6 10.Nxc4 Qd5 11.a3 Bxc3+ 12.Qxc3 O-O 13.f3 c5 14.Rd1 b5 
15.Ne5 c4 16.e4 Qb7 17.Be2 Qb6 18.O-O Rd8 19.a4 a6 20.a5 Qb7 21.b3 cxb3 
22.Qxb3 Bd7 23.Qb4 Be8 24.Rc1 Rac8 25.Rfd1 Qa7 26.Rxc8 Rxc8 27.Qd6 h6 28.
Kf1 Qa8 29.Kg1 Rd8 30.Qc7 Rc8 31.Qd6 Rd8 32.Qc7 Rc8 33.Qd6 Rd8 1/2-1/2

[Event "14th EUR-ch"]
[Site "Legnica POL"]
[Date "2013.05.14"]
[Round "9"]
[White "Mirzoev, Azer"]
[Black "Kozul, Zdenko"]
[Result "1/2-1/2"]
[WhiteElo "2543"]
[BlackElo "2624"]
[EventDate "2013.05.05"]
[PlyCount "178"]

1.d4 Nf6 2.Nf3 g6 3.g3 d5 4.Bg2 Bg7 5.O-O O-O 6.Nbd2 c6 7.c4 Bg4 8.b3 Nbd7
9.Bb2 Qb6 10.Rc1 Rad8 11.h3 Bxf3 12.Bxf3 e6 13.Qc2 h5 14.e3 Nh7 15.Ba3 
Rfe8 16.Bg2 Bf8 17.Bxf8 Rxf8 18.b4 Ndf6 19.Rb1 a6 20.a4 Ra8 21.Rfc1 Rfe8 
22.Nb3 Re7 23.Nc5 Qd8 24.b5 axb5 25.axb5 Ne8 26.bxc6 bxc6 27.Nd3 Rc7 28.
Ra1 Nhf6 29.Qc3 Nd7 30.Rxa8 Qxa8 31.Ra1 Ra7 32.Rxa7 Qxa7 33.e4 dxe4 34.
Bxe4 Qa4 35.Ne5 Nxe5 36.dxe5 c5 37.Kg2 Kf8 38.Bf3 Ke7 39.Qc1 Kf8 40.Qh6+ 
Kg8 41.Qf4 Kg7 42.Qe4 Qa6 43.Qh4 f6 44.Qf4 Qb6 45.exf6+ Nxf6 46.Qe5 Kf7 
47.g4 hxg4 48.hxg4 Nd7 49.Qf4+ Kg7 50.g5 Qa7 51.Be4 Qb8 52.Qh4 Qg8 53.Qh2 
Qh7 54.Qd6 Nf8 55.Qxc5 Qh4 56.Qe5+ Kg8 57.Kf1 Qh3+ 58.Ke2 Qg4+ 59.f3 Qg2+ 
60.Ke1 Qg1+ 61.Kd2 Qf2+ 62.Kc3 Kf7 63.Qc7+ Kg8 64.c5 Qe3+ 65.Kc4 Qc1+ 66.
Kb5 Qxg5 67.Qd6 Kf7 68.Kb6 Qe3 69.Kb7 Qb3+ 70.Kc8 Qa3 71.Qc7+ Kf6 72.c6 g5
73.Kb7 Ng6 74.Qd8+ Ne7 75.Qd4+ e5 76.Qb6 Qd6 77.c7 Ke6 78.Qb3+ Kf6 79.c8=Q
Nxc8 80.Kxc8 g4 81.fxg4 Kg5 82.Bf5 Qc5+ 83.Kd7 e4 84.Qg8+ Kf4 85.Qb8+ Qe5 
86.Qb4 Kg5 87.Bxe4 Kxg4 88.Bd5+ Kg5 89.Qe7+ Qxe7+ 1/2-1/2

[Event "14th EUR-ch"]
[Site "Legnica POL"]
[Date "2013.05.14"]
[Round "9"]
[White "Timofeev, Artiom"]
[Black "Jaracz, Pawel"]
[Result "1-0"]
[WhiteElo "2621"]
[BlackElo "2527"]
[EventDate "2013.05.05"]
[PlyCount "63"]

1.d4 Nf6 2.c4 g6 3.Nc3 Bg7 4.e4 d6 5.Nf3 O-O 6.h3 Na6 7.Bg5 Qe8 8.g4 c6 9.
Be3 Nc7 10.Bg2 e5 11.O-O Nd7 12.Qd2 c5 13.d5 Nb6 14.b3 f5 15.gxf5 gxf5 16.
exf5 Bxf5 17.Ng5 Qg6 18.Kh2 Nd7 19.Rg1 Nf6 20.Bf3 Qe8 21.Nce4 Qd7 22.Rg2 
Kh8 23.Rag1 Nxe4 24.Nxe4 Rg8 25.Bg4 Raf8 26.Qa5 a6 27.Nxd6 Qxd6 28.Bxc5 
Qh6 29.Bxf5 Rxf5 30.Qxc7 Qxh3+ 31.Kxh3 Rh5+ 32.Kg4 1-0

[Event "14th EUR-ch"]
[Site "Legnica POL"]
[Date "2013.05.14"]
[Round "9"]
[White "Zoler, Dan"]
[Black "Roiz, Michael"]
[Result "1/2-1/2"]
[WhiteElo "2533"]
[BlackElo "2617"]
[EventDate "2013.05.05"]
[PlyCount "80"]

1.d4 Nf6 2.c4 g6 3.g3 c6 4.Bg2 d5 5.e3 Bg7 6.Ne2 O-O 7.O-O dxc4 8.Na3 Nbd7
9.Nxc4 Nb6 10.b3 Re8 11.Ba3 Nxc4 12.bxc4 e5 13.d5 cxd5 14.cxd5 Bg4 15.Rb1 
Qa5 16.Rb3 e4 17.h3 Bxe2 18.Qxe2 Nxd5 19.Rc1 Rad8 20.Rc5 Qa4 21.Qc4 Qxc4 
22.Rxc4 b6 23.Ra4 a5 24.Rxe4 Rxe4 25.Bxe4 Nc3 26.Bc6 b5 27.Bxb5 a4 28.Rb2 
Rb8 29.Bc4 Rxb2 30.Bxb2 Ne2+ 31.Bxe2 Bxb2 32.f4 f6 33.Kf2 Kf8 34.Bd3 a3 
35.h4 Kf7 36.Kf3 h6 37.g4 g5 38.hxg5 hxg5 39.Ke4 gxf4 40.exf4 Kg7 1/2-1/2

[Event "14th EUR-ch"]
[Site "Legnica POL"]
[Date "2013.05.14"]
[Round "9"]
[White "Volkov, Sergei"]
[Black "Romanyshyn, Oleh"]
[Result "1-0"]
[WhiteElo "2610"]
[BlackElo "2504"]
[EventDate "2013.05.05"]
[PlyCount "87"]

1.d4 Nf6 2.c4 e6 3.Nc3 Bb4 4.f3 c5 5.d5 Nh5 6.Nh3 d6 7.g4 e5 8.Qc2 Nf6 9.
Nf2 Nbd7 10.Bd2 O-O 11.e3 Bxc3 12.Bxc3 b5 13.b3 b4 14.Bb2 a5 15.Bd3 a4 16.
O-O-O Re8 17.g5 e4 18.Bf1 Nh5 19.f4 g6 20.Nxe4 Nf8 21.Bd3 Bf5 22.Rde1 Bxe4
23.Bxe4 axb3 24.axb3 Ra2 25.Bf3 Ng7 26.Bg4 Nd7 27.Kb1 Ra7 28.h4 f5 29.Bf3 
Qe7 30.h5 gxh5 31.e4 Nf8 32.e5 Rea8 33.e6 Ng6 34.Bxh5 Nxh5 35.Rxh5 Nxf4 
36.Rh4 Ng6 37.Rh2 Ra2 38.Qxf5 Rxb2+ 39.Rxb2 Rf8 40.Qe4 Ne5 41.Rh1 Qg7 42.
Rbh2 Rf3 43.Rh3 Nxc4 44.bxc4 1-0

[Event "14th EUR-ch"]
[Site "Legnica POL"]
[Date "2013.05.14"]
[Round "9"]
[White "Mastrovasilis, Athanasios"]
[Black "Solak, Dragan"]
[Result "1-0"]
[WhiteElo "2514"]
[BlackElo "2602"]
[EventDate "2013.05.05"]
[PlyCount "75"]

1.d4 d5 2.c4 c6 3.Nf3 Nf6 4.Nc3 dxc4 5.e3 b5 6.a4 b4 7.Ne2 e6 8.Ng3 Ba6 9.
Ne5 c5 10.Be2 cxd4 11.exd4 c3 12.bxc3 bxc3 13.O-O Bd6 14.Bf3 Bxf1 15.Qxf1 
Nbd7 16.Bxa8 Qxa8 17.Qa6 Qb8 18.Rb1 Qc7 19.Rb7 Qc8 20.Rxa7 Qxa6 21.Rxa6 
Bxe5 22.dxe5 Nb8 23.Ra8 Nd7 24.Ba3 f6 25.exf6 gxf6 26.Ne2 c2 27.Nd4 Kf7 
28.Nxc2 Rc8 29.Nd4 Rc3 30.Nb5 Rb3 31.h3 e5 32.Ra7 Ke6 33.Rb7 Rb1+ 34.Kh2 
Rf1 35.Nc7+ Kf5 36.a5 Rxf2 37.a6 Ra2 38.Nb5 1-0

[Event "14th EUR-ch"]
[Site "Legnica POL"]
[Date "2013.05.14"]
[Round "9"]
[White "Antipov, Mikhail"]
[Black "Gagunashvili, Merab"]
[Result "0-1"]
[WhiteElo "2464"]
[BlackElo "2592"]
[EventDate "2013.05.05"]
[PlyCount "74"]

1.e4 c5 2.Nf3 e6 3.b3 Nc6 4.Bb2 d6 5.d4 cxd4 6.Nxd4 a6 7.g3 Nxd4 8.Qxd4 e5
9.Qd2 Nf6 10.Bg2 Be7 11.Nc3 O-O 12.O-O-O b5 13.f4 Bb7 14.Kb1 Qc7 15.Qe2 
Rfe8 16.a3 Rac8 17.f5 Qa5 18.Rd3 b4 19.axb4 Qxb4 20.g4 Nd7 21.Nd5 Bxd5 22.
Rxd5 Nb6 23.Rdd1 a5 24.Qd2 Qc5 25.g5 a4 26.f6 Bf8 27.h4 a3 28.Bc1 d5 29.
exd5 e4 30.Rhe1 Nxd5 31.c4 Qb6 32.Ka2 Nb4+ 33.Ka1 Rcd8 34.Qe2 Nd3 35.Bxe4 
Nxc1 36.Rxc1 Qd4+ 37.Ka2 Rxe4 0-1

[Event "14th EUR-ch"]
[Site "Legnica POL"]
[Date "2013.05.14"]
[Round "9"]
[White "Aghasarian, Robert"]
[Black "Kulaots, Kaido"]
[Result "1-0"]
[WhiteElo "2445"]
[BlackElo "2586"]
[EventDate "2013.05.05"]
[PlyCount "87"]

1.d4 Nf6 2.c4 e6 3.g3 c5 4.Nf3 cxd4 5.Nxd4 Bb4+ 6.Nd2 Nc6 7.Nf3 b6 8.Bg2 
Bb7 9.O-O O-O 10.b3 a6 11.Bb2 Be7 12.e3 d6 13.Qe2 Qc7 14.Rfd1 Nb8 15.Rdc1 
Nbd7 16.a4 Rfc8 17.a5 bxa5 18.Bc3 a4 19.Rxa4 Bc6 20.Ra2 Nc5 21.b4 Nce4 22.
Nxe4 Bxe4 23.Nd2 Bxg2 24.Kxg2 Nd7 25.Qf3 Bf6 26.Bxf6 Nxf6 27.b5 a5 28.Nb3 
Nd7 29.Ra4 h6 30.e4 Nc5 31.Nxc5 Qxc5 32.Rd1 Kf8 33.Qd3 Ke7 34.Rda1 Rc7 35.
h3 h5 36.h4 g6 37.Qd2 Qe5 38.Kh2 Rca7 39.Rxa5 Qxa1 40.Rxa1 Rxa1 41.e5 dxe5
42.Qb4+ Kf6 43.b6 R8a4 44.Qb5 1-0

[Event "14th EUR-ch"]
[Site "Legnica POL"]
[Date "2013.05.14"]
[Round "9"]
[White "Kuljasevic, Davorin"]
[Black "Neverov, Valeriy"]
[Result "1-0"]
[WhiteElo "2578"]
[BlackElo "2489"]
[EventDate "2013.05.05"]
[PlyCount "155"]

1.d4 e6 2.c4 c5 3.d5 exd5 4.cxd5 d6 5.e4 g6 6.Nc3 Bg7 7.Bd3 a6 8.a4 Ne7 9.
h3 Nd7 10.Nf3 O-O 11.O-O h6 12.Bf4 Qc7 13.Bh2 Rd8 14.Rc1 g5 15.Qd2 Ng6 16.
Nd1 Nf6 17.b4 Qe7 18.bxc5 Nxe4 19.Bxe4 Qxe4 20.Re1 Qxa4 21.Bxd6 g4 22.hxg4
Bxg4 23.Nc3 Qd7 24.Ne5 Qf5 25.Nxg4 Qxg4 26.Re4 Qf5 27.Qd3 Kh7 28.Ne2 b6 
29.Ng3 Qf6 30.Bc7 Qg5 31.Rd1 bxc5 32.Bxd8 Rxd8 33.Qxa6 Bd4 34.d6 Qd5 35.
Qe2 Rxd6 36.Rf1 Rf6 37.Qh5 Qxh5 38.Nxh5 Rf5 39.Ng3 Rd5 40.Ne2 Bf6 41.Rc1 
h5 42.g3 Kg7 43.Kg2 Kh7 44.Rc2 Kg7 45.Rec4 Be7 46.Nc3 Rf5 47.Rd2 Bf6 48.
Rd5 Rxd5 49.Nxd5 Bd4 50.Ra4 h4 51.f4 hxg3 52.Kxg3 Nf8 53.Ra6 Ne6 54.Kg4 
Bb2 55.Rb6 Bd4 56.Rc6 Nf8 57.Ne7 Ne6 58.Nf5+ Kh7 59.Nd6 Kg7 60.f5 Nf8 61.
Rc7 Be5 62.Ne8+ Kg8 63.Rc8 Kh7 64.Kg5 Nd7 65.Rd8 f6+ 66.Kh5 Nb6 67.Nxf6+ 
Bxf6 68.Rd6 Kg7 69.Rxb6 Kf7 70.Rb7+ Be7 71.Kg4 Kf6 72.Rb6+ Kf7 73.Kf4 Bf6 
74.Rb7+ Ke8 75.Ke4 c4 76.Kd5 c3 77.Ke6 Kd8 78.Rb4 1-0

[Event "14th EUR-ch"]
[Site "Legnica POL"]
[Date "2013.05.14"]
[Round "9"]
[White "Brkic, Ante"]
[Black "Meribanov, Vitaly"]
[Result "1-0"]
[WhiteElo "2575"]
[BlackElo "2431"]
[EventDate "2013.05.05"]
[PlyCount "107"]

1.e4 c5 2.Nf3 Nc6 3.d4 cxd4 4.Nxd4 g6 5.c4 Nf6 6.Nc3 d6 7.Be2 Nxd4 8.Qxd4 
Bg7 9.Bg5 O-O 10.Qd2 Be6 11.Rc1 Qa5 12.f3 Rfc8 13.b3 a6 14.Na4 Qxd2+ 15.
Kxd2 Nd7 16.g4 f6 17.Be3 f5 18.gxf5 gxf5 19.Nc3 b5 20.Rhg1 Kf7 21.Nd5 Bxd5
22.cxd5 b4 23.Rc6 Bc3+ 24.Kd1 Nf6 25.exf5 a5 26.Rxc8 Rxc8 27.Ba6 Rb8 28.
Ke2 Nd7 29.f4 Nb6 30.Bxb6 Rxb6 31.Bc8 Bg7 32.Be6+ Kf6 33.Rc1 Rb5 34.Kd3 
Rc5 35.Rxc5 dxc5 36.Kc4 Bh6 37.Kxc5 Bxf4 38.h3 Bc7 39.Kc6 Bd8 40.Bg8 h5 
41.h4 Kxf5 42.Bf7 Kg4 43.Kd7 Bb6 44.Kxe7 Kf5 45.Bxh5 Bf2 46.d6 Bc5 47.Be2 
Ke5 48.h5 Bxd6+ 49.Kf7 Kd4 50.h6 Kc3 51.h7 Be5 52.Bb5 Kb2 53.Kg8 Kxa2 54.
Ba4 1-0

[Event "14th EUR-ch"]
[Site "Legnica POL"]
[Date "2013.05.14"]
[Round "9"]
[White "Papp, Gabor"]
[Black "Drozdowski, Kacper"]
[Result "1-0"]
[WhiteElo "2570"]
[BlackElo "2435"]
[EventDate "2013.05.05"]
[PlyCount "199"]

1.e4 c5 2.Nf3 e6 3.d4 cxd4 4.Nxd4 a6 5.Nc3 b5 6.Bd3 Bb7 7.O-O Qc7 8.Re1 
Bd6 9.Nf3 Nc6 10.Bxb5 Ne5 11.Nd4 Nf6 12.h3 O-O 13.Bd3 Rfd8 14.Bg5 Ng6 15.
Nf3 Ne5 16.Nd2 Be7 17.Qe2 Rdc8 18.Rad1 d6 19.Be3 Rab8 20.Nb3 Nxd3 21.cxd3 
Ba8 22.Rc1 Qb7 23.f3 Bd8 24.Qf2 Qd7 25.Rc2 a5 26.Nd2 d5 27.e5 d4 28.Bxd4 
Nd5 29.Nde4 Nb4 30.Rd2 Nc6 31.Bc5 Nxe5 32.Bd6 Bc7 33.Qg3 Ng6 34.d4 Bxd6 
35.Nxd6 Rd8 36.Nde4 Qa7 37.Kh2 h5 38.h4 Rb4 39.a3 Rc4 40.Nb5 Qe7 41.Qg5 
Rd5 42.Qxe7 Nxe7 43.b3 Rc8 44.a4 Nf5 45.Kh3 Rcd8 46.Rc1 R5d7 47.Ng3 Nxg3 
48.Kxg3 e5 49.Rc7 Bb7 50.Rxd7 Rxd7 51.Kf2 Bc6 52.Nc3 exd4 53.Ne2 d3 54.Nf4
Rd4 55.Ke3 Rb4 56.Rxd3 g6 57.Rc3 Bb7 58.g3 Kg7 59.Nd3 Rb6 60.Nc5 Bc6 61.
Rd3 Rb8 62.Rd6 Rc8 63.f4 Kf8 64.Nd3 Ke7 65.Rd4 f6 66.Kd2 Ke6 67.Rc4 Kf5 
68.Ke3 Re8+ 69.Kf2 Be4 70.Nb2 Rd8 71.Ke3 Re8 72.Rc3 Kg4 73.Kf2 g5 74.hxg5 
fxg5 75.fxg5 Kxg5 76.Nc4 Rf8+ 77.Kg1 Rd8 78.Nxa5 Rd1+ 79.Kf2 Rh1 80.Nc4 
Rh2+ 81.Ke3 Bh1 82.Ne5 Ra2 83.Kd4 Re2 84.Re3 Rd2+ 85.Kc3 Rd5 86.b4 Kf5 87.
Nd3 Be4 88.Nf2 Bg2 89.b5 Rc5+ 90.Kb4 Rc2 91.Nd3 Be4 92.Nc5 Bg2 93.b6 Kg4 
94.a5 Rb2+ 95.Rb3 Re2 96.a6 Bd5 97.b7 Re8 98.Rd3 Bf3 99.Rxf3 Kxf3 100.a7 
1-0

[Event "14th EUR-ch"]
[Site "Legnica POL"]
[Date "2013.05.14"]
[Round "9"]
[White "Markowski, Tomasz"]
[Black "Kolosowski, Mateusz"]
[Result "1-0"]
[WhiteElo "2567"]
[BlackElo "2421"]
[EventDate "2013.05.05"]
[PlyCount "81"]

1.d4 Nf6 2.Nf3 g6 3.c3 Bg7 4.Bf4 O-O 5.e3 d6 6.h3 Nfd7 7.Be2 e5 8.Bh2 Nc6 
9.O-O f5 10.b4 e4 11.Nfd2 Nf6 12.b5 Ne7 13.c4 g5 14.Nc3 Ng6 15.Qc2 Qe7 16.
Rae1 Be6 17.f3 exf3 18.Bxf3 Rab8 19.Be2 g4 20.hxg4 Nxg4 21.Bxg4 fxg4 22.
Qe4 Kh8 23.Bg3 b6 24.Nd5 Bxd5 25.Qxd5 Bh6 26.Rxf8+ Rxf8 27.Nf1 Bg5 28.Re2 
h6 29.Qc6 h5 30.c5 bxc5 31.dxc5 Ne5 32.Qe4 Bh4 33.Bf4 Qf7 34.cxd6 cxd6 35.
Rd2 Re8 36.Qd5 Qg7 37.Qxd6 Ng6 38.Rd5 Kg8 39.Rxh5 Bd8 40.Rf5 Nh4 41.Qd5+ 
1-0

[Event "14th EUR-ch"]
[Site "Legnica POL"]
[Date "2013.05.14"]
[Round "9"]
[White "Oleksienko, Mykhailo"]
[Black "Nasuta, Grzegorz"]
[Result "1/2-1/2"]
[WhiteElo "2565"]
[BlackElo "2299"]
[EventDate "2013.05.05"]
[PlyCount "86"]

1.e4 c5 2.Nf3 d6 3.d4 cxd4 4.Nxd4 Nf6 5.Nc3 a6 6.g3 e6 7.Bg2 Be7 8.O-O O-O
9.g4 Nc6 10.g5 Nd7 11.Kh1 Nxd4 12.Qxd4 b5 13.a4 Rb8 14.axb5 axb5 15.Be3 
Ne5 16.f4 Nc4 17.Bc1 e5 18.Qf2 exf4 19.Qxf4 Be6 20.Qg3 Ne5 21.Nd5 Bxd5 22.
exd5 Rc8 23.c3 f5 24.gxf6 Bxf6 25.Bh3 Ra8 26.Be6+ Kh8 27.Rxa8 Qxa8 28.Bf4 
Rb8 29.Qg2 Qa4 30.Bh6 Qa7 31.h3 Qe7 32.Be3 Ra8 33.Bd4 Qb7 34.b4 Qe7 35.Qe2
Qe8 36.Kh2 Qb8 37.Qg2 Qe8 38.Qe2 Qb8 39.Bf5 Qe8 40.Kh1 Qb8 41.Bd3 Qc8 42.
Kh2 Qg8 43.Qe4 Nxd3 1/2-1/2

[Event "14th EUR-ch"]
[Site "Legnica POL"]
[Date "2013.05.14"]
[Round "9"]
[White "Pasiev, Rakhim"]
[Black "Shomoev, Anton"]
[Result "0-1"]
[WhiteElo "2379"]
[BlackElo "2561"]
[EventDate "2013.05.05"]
[PlyCount "76"]

1.e4 c5 2.Nf3 d6 3.d4 cxd4 4.Nxd4 Nf6 5.Nc3 a6 6.Be2 e6 7.O-O Be7 8.f4 O-O
9.Kh1 Qc7 10.a4 Nc6 11.Be3 Re8 12.Qe1 Nxd4 13.Bxd4 e5 14.fxe5 dxe5 15.Qg3 
Bd8 16.Be3 Kh8 17.Rad1 Be6 18.Bg5 Be7 19.Bxf6 Bxf6 20.Bg4 Rad8 21.Bxe6 
fxe6 22.Rxd8 Rxd8 23.Qg4 Qc4 24.Rd1 Rd4 25.Qh5 h6 26.Qf3 Qb4 27.Rb1 Rd2 
28.g3 Rxc2 29.Qd3 Rxb2 30.Rxb2 Qxb2 31.h4 Kh7 32.Ne2 Qa1+ 33.Kg2 Qxa4 34.
Kh3 Qa1 35.Qf3 Qe1 36.Kg2 b5 37.Qg4 b4 38.Kf3 Qf1+ 0-1

[Event "14th EUR-ch"]
[Site "Legnica POL"]
[Date "2013.05.14"]
[Round "9"]
[White "Esen, Baris"]
[Black "Deac, Bogdan-Daniel"]
[Result "1-0"]
[WhiteElo "2557"]
[BlackElo "2183"]
[EventDate "2013.05.05"]
[PlyCount "79"]

1.d4 Nf6 2.Nf3 g6 3.c4 Bg7 4.g3 O-O 5.Bg2 d6 6.O-O Nbd7 7.Nc3 e5 8.e4 a6 
9.h3 exd4 10.Nxd4 Re8 11.Re1 Ne5 12.b3 c5 13.Nc2 Be6 14.f4 Nc6 15.Bb2 Qa5 
16.Qd3 Rad8 17.Rab1 Bc8 18.Kh2 Nb4 19.Nxb4 cxb4 20.Nd1 Bd7 21.Bd4 Bc6 22.
Nf2 Nd7 23.Bxg7 Kxg7 24.Qd4+ f6 25.Rb2 Qc5 26.Qd1 a5 27.Rd2 Nf8 28.Qa1 Ne6
29.h4 h5 30.Nd3 Qb6 31.f5 Nf8 32.Rf1 Qe3 33.fxg6 Nd7 34.Qd1 Re5 35.Nf4 Rh8
36.Rxd6 Nf8 37.Rxf6 Be8 38.Qd6 Qc5 39.Qxc5 Rxc5 40.Rxf8 1-0

[Event "14th EUR-ch"]
[Site "Legnica POL"]
[Date "2013.05.14"]
[Round "9"]
[White "Cheparinov, Ivan"]
[Black "Tratar, Marko"]
[Result "1-0"]
[WhiteElo "2700"]
[BlackElo "2498"]
[EventDate "2013.05.05"]
[PlyCount "59"]

1.e4 e6 2.d4 d5 3.Nc3 dxe4 4.Nxe4 Bd7 5.Nf3 Bc6 6.Bd3 Nd7 7.O-O Ngf6 8.Ng3
g6 9.b3 Bg7 10.Ba3 Bf8 11.Bb2 Bg7 12.c4 O-O 13.Re1 a5 14.a3 b6 15.Qe2 Bb7 
16.Rad1 Re8 17.h4 Qe7 18.h5 Rad8 19.hxg6 hxg6 20.Bc2 Qf8 21.Ne5 Nxe5 22.
dxe5 Nd7 23.Rd3 Nc5 24.Re3 Qe7 25.b4 axb4 26.axb4 Na6 27.Be4 c6 28.Nh5 
Qxb4 29.Bc3 Qc5 30.Nf6+ 1-0

[Event "14th EUR-ch"]
[Site "Legnica POL"]
[Date "2013.05.14"]
[Round "9"]
[White "Nisipeanu, Liviu-Dieter"]
[Black "Airapetian, Yury"]
[Result "1-0"]
[WhiteElo "2679"]
[BlackElo "2498"]
[EventDate "2013.05.05"]
[PlyCount "77"]

1.Nf3 Nf6 2.c4 g6 3.Nc3 Bg7 4.e4 d6 5.d4 O-O 6.h3 e5 7.d5 Na6 8.Bg5 Qe8 9.
g4 Nc5 10.Nd2 a5 11.Be2 Bd7 12.Be3 Qc8 13.Rg1 c6 14.g5 Ne8 15.h4 f5 16.Qc2
Nxe4 17.Ndxe4 fxe4 18.Na4 cxd5 19.Nb6 Qc6 20.Nxd7 Qxd7 21.cxd5 Nc7 22.Qxe4
a4 23.h5 a3 24.b3 Rf4 25.Bxf4 exf4 26.Rc1 f3 27.Qxf3 Nb5 28.Qg4 Qxg4 29.
Bxg4 gxh5 30.Be6+ Kh8 31.Rh1 Bc3+ 32.Kf1 Bb2 33.Rc4 Nd4 34.Rxh5 Kg7 35.Rh6
Nb5 36.Rb4 Nc3 37.Rxb7+ Kf8 38.Rf6+ Ke8 39.Bd7+ 1-0

[Event "14th EUR-ch"]
[Site "Legnica POL"]
[Date "2013.05.14"]
[Round "9"]
[White "Meier, Georg"]
[Black "Stachowiak, Kamil"]
[Result "1/2-1/2"]
[WhiteElo "2655"]
[BlackElo "2468"]
[EventDate "2013.05.05"]
[PlyCount "126"]

1.d4 d5 2.c4 e6 3.Nf3 Nf6 4.g3 Bb4+ 5.Bd2 Be7 6.Bg2 O-O 7.O-O c6 8.Qb3 
Nbd7 9.Rc1 b6 10.cxd5 cxd5 11.Bf4 Ba6 12.Nc3 Bc4 13.Qd1 a5 14.Nd2 Ba6 15.
e4 dxe4 16.Ndxe4 Nxe4 17.Nxe4 Ra7 18.a4 Nf6 19.Nc3 Bc4 20.Be5 Nd7 21.b3 
Ba6 22.Bf4 Nf6 23.Bf1 Bxf1 24.Qxf1 Rd7 25.Nb5 Nd5 26.Bd2 h6 27.Rc4 Bb4 28.
Bxb4 Nxb4 29.Qe2 Qf6 30.Qe4 Rfd8 31.Rac1 Nd5 32.Rc8 Rxc8 33.Rxc8+ Rd8 34.
Rc6 Qe7 35.Qf3 Qd7 36.Rc4 Qe7 37.h4 g6 38.Qe4 Qf6 39.Kg2 h5 40.Qe5 Qe7 41.
Kg1 Kh7 42.Kf1 Kg8 43.Ke2 Kh7 44.Qg5 Qf8 45.Qc1 Qe7 46.Rc6 e5 47.dxe5 
Qxe5+ 48.Kf1 Qe4 49.Kg1 Qf3 50.Nd4 Qg4 51.Rc4 Nf6 52.Qe3 Kg7 53.Kg2 Qd1 
54.Nf5+ Kg8 55.Ne7+ Kg7 56.Qe5 Qd6 57.Qxd6 Rxd6 58.Nc8 Rd3 59.Rc6 Rxb3 60.
Rxb6 Ra3 61.Nd6 Ng4 62.Rb7 Nh6 63.Ra7 Rxa4 1/2-1/2

[Event "14th EUR-ch"]
[Site "Legnica POL"]
[Date "2013.05.14"]
[Round "9"]
[White "Duda, Jan-Krzysztof"]
[Black "Macieja, Bartlomiej"]
[Result "1/2-1/2"]
[WhiteElo "2506"]
[BlackElo "2600"]
[EventDate "2013.05.05"]
[PlyCount "99"]

1.e4 c5 2.Nf3 Nc6 3.d4 cxd4 4.Nxd4 g6 5.Nc3 Bg7 6.Be3 Nf6 7.Bc4 d6 8.f3 
Qb6 9.Bb5 Qc7 10.Qd2 O-O 11.O-O-O Nxd4 12.Bxd4 Be6 13.h4 Rfc8 14.a3 Qa5 
15.Be2 Rab8 16.g4 b5 17.Nd5 Qxd2+ 18.Rxd2 Bxd5 19.exd5 Nd7 20.Bxg7 Kxg7 
21.Rd4 Rc5 22.Rhd1 a6 23.f4 Nb6 24.R1d2 h6 25.b3 Rbc8 26.Kb2 R8c7 27.g5 
hxg5 28.hxg5 Rc8 29.Bf3 Rh8 30.Rf2 Rh4 31.Kc1 Rc7 32.Kd2 f6 33.Rg2 Kf7 34.
Be4 f5 35.Bf3 Rh1 36.Rd3 Rc5 37.Re2 Ra1 38.Rh2 Kg7 39.Re3 Nxd5 40.Bxd5 
Rxd5+ 41.Kc3 e5 42.Reh3 Rc5+ 43.Kb4 exf4 44.Rh7+ Kg8 45.Rd7 Rc6 46.Re2 Kf8
47.Rd8+ Kf7 48.Rd7+ Kf8 49.Rd8+ Kf7 50.Rd7+ 1/2-1/2

[Event "14th EUR-ch"]
[Site "Legnica POL"]
[Date "2013.05.14"]
[Round "9"]
[White "Kanarek, Marcel"]
[Black "Kislinsky, Alexey"]
[Result "1/2-1/2"]
[WhiteElo "2474"]
[BlackElo "2574"]
[EventDate "2013.05.05"]
[PlyCount "172"]

1.e4 c5 2.Nf3 Nc6 3.Nc3 g6 4.d4 cxd4 5.Nxd4 Bg7 6.Be3 Nf6 7.Bc4 d6 8.f3 
Nd7 9.Bb5 Ndb8 10.h4 h5 11.Qd2 Bd7 12.O-O-O Ne5 13.Be2 Nbc6 14.Kb1 Na5 15.
b3 Nac6 16.Nd5 e6 17.Nc3 a6 18.f4 Ng4 19.Bxg4 hxg4 20.Nde2 Bf8 21.f5 Ne5 
22.Bg5 Qc7 23.Nf4 Qc6 24.Nce2 Rg8 25.Nd4 Qc8 26.fxe6 fxe6 27.h5 Nf7 28.
Nxg6 Bg7 29.Ne7 Qc5 30.Nxg8 Nxg5 31.h6 Nxe4 32.Qd3 Nc3+ 33.Kc1 Bxd4 34.
Qg6+ Kd8 35.Rxd4 Qxd4 36.Qd3 Qh8 37.Qxd6 Ne4 38.Qf8+ Kc7 39.Qf4+ e5 40.
Qxe4 Rxg8 41.h7 Re8 42.Rf1 Qg7 43.Qc4+ Kb8 44.Rf7 Qg5+ 45.Kb2 Bc6 46.Qc5 
Qd8 47.Rg7 e4 48.Rxg4 e3 49.Qg5 Qc8 50.Rg3 e2 51.h8=Q e1=Q 52.Qd4 Qce6 53.
Rc3 Q1e4 54.Qf4+ Qxf4 55.Qxf4+ Ka8 56.g3 Be4 57.a4 Qd5 58.Qf6 Ka7 59.Qf2+ 
Ka8 60.Qf6 Bf5 61.Rc4 Bd7 62.Rd4 Qc6 63.Rd6 Qc8 64.Rd3 Bf5 65.Rc3 Qd7 66.
Rc4 Rc8 67.Qc3 Rxc4 68.Qxc4 Qg7+ 69.Qc3 Qxc3+ 70.Kxc3 Kb8 71.a5 Kc7 72.Kd2
Kd6 73.c4 Ke5 74.Kc3 Bg4 75.Kd3 Bh3 76.Ke3 Bf5 77.b4 Bd7 78.Kd3 Bh3 79.Kc3
Bf1 80.g4 Kf4 81.Kd4 Kxg4 82.Kc5 Kf4 83.b5 Ke3 84.bxa6 bxa6 85.Kb4 Kd4 86.
Kb3 Bxc4+ 1/2-1/2

[Event "14th EUR-ch"]
[Site "Legnica POL"]
[Date "2013.05.14"]
[Round "9"]
[White "Moranda, Wojciech"]
[Black "Mammadov, Zaur"]
[Result "1-0"]
[WhiteElo "2560"]
[BlackElo "2442"]
[EventDate "2013.05.05"]
[PlyCount "113"]

1.d4 d5 2.c4 dxc4 3.Nf3 Nf6 4.e3 e6 5.Bxc4 c5 6.O-O cxd4 7.exd4 Be7 8.Nc3 
O-O 9.Re1 Nc6 10.a3 b6 11.Ba2 Bb7 12.Bf4 Rc8 13.Qd3 Bd6 14.Bg5 Ne7 15.Rad1
Ned5 16.Nxd5 Bxd5 17.Bxd5 exd5 18.Qb3 h6 19.Bxf6 Qxf6 20.Qxd5 Rc2 21.Qb3 
Rfc8 22.Re8+ Rxe8 23.Qxc2 g5 24.Qd3 Rd8 25.g3 Bf8 26.Qe4 Bg7 27.Kg2 Qd6 
28.Ne1 Qd7 29.Nc2 Re8 30.Qd3 Qd5+ 31.Kg1 Rd8 32.b4 a5 33.b5 h5 34.Ne3 Qxd4
35.Qe2 Qf6 36.Nd5 Qd6 37.Qxh5 Qe5 38.Qf3 Rd6 39.a4 Qe6 40.Ne3 Bd4 41.Re1 
Bc5 42.Qh5 Rd5 43.Qg4 Qe7 44.Re2 Rd4 45.Qh5 Qd8 46.Ng4 Rd6 47.Kg2 Kg7 48.
Ne5 Qf6 49.Nf3 Rd5 50.h4 Rf5 51.hxg5 Qg6 52.Qh4 Rd5 53.Re8 Qh7 54.Qf4 Qf5 
55.Qxf5 Rxf5 56.Re5 Kg6 57.Nh4+ 1-0

[Event "14th EUR-ch"]
[Site "Legnica POL"]
[Date "2013.05.14"]
[Round "9"]
[White "Sanikidze, Tornike"]
[Black "Rzayev, Bahruz"]
[Result "1-0"]
[WhiteElo "2549"]
[BlackElo "2411"]
[EventDate "2013.05.05"]
[PlyCount "103"]

1.e4 e5 2.Nf3 Nc6 3.Bc4 Nf6 4.Ng5 d5 5.exd5 Na5 6.Bb5+ c6 7.dxc6 bxc6 8.
Bd3 Be7 9.Nc3 O-O 10.O-O c5 11.Be2 h6 12.Nge4 Nxe4 13.Nxe4 f5 14.Nc3 Bb7 
15.d3 Nc6 16.Bf3 e4 17.dxe4 Nd4 18.Be3 Bd6 19.Bxd4 cxd4 20.e5 Bxf3 21.Qxf3
Bxe5 22.Qd5+ Qxd5 23.Nxd5 Kf7 24.Rfe1 Rfe8 25.Nb4 Bd6 26.Rxe8 Rxe8 27.Nd3 
Rc8 28.Rc1 g5 29.c4 dxc3 30.Rxc3 Rxc3 31.bxc3 Ke6 32.c4 Kd7 33.g3 Kc6 34.
Kf1 Kb6 35.Ke2 Ka5 36.Ke3 Ka4 37.Kd4 Ka3 38.Kd5 Bb8 39.c5 a5 40.Kc6 Ba7 
41.Kb5 a4 42.c6 Bb8 43.Nc5 Kxa2 44.Nxa4 Kb3 45.Nc5+ Kc3 46.Kb6 Kd2 47.Kb7 
Bd6 48.Ne6 f4 49.Nd8 f3 50.Nf7 Bc5 51.c7 Bxf2 52.Ne5 1-0

[Event "14th EUR-ch"]
[Site "Legnica POL"]
[Date "2013.05.14"]
[Round "9"]
[White "Handke, Florian"]
[Black "Lubczynski, Rafal"]
[Result "1-0"]
[WhiteElo "2545"]
[BlackElo "2419"]
[EventDate "2013.05.05"]
[PlyCount "167"]

1.d4 d5 2.Nf3 Nf6 3.c4 c6 4.Qc2 g6 5.Bf4 Bf5 6.Qb3 Qb6 7.e3 Nbd7 8.Nc3 
Qxb3 9.axb3 a6 10.h3 h6 11.g4 Bc2 12.Nd2 g5 13.Bg3 h5 14.Rg1 hxg4 15.hxg4 
e6 16.c5 e5 17.b4 exd4 18.exd4 Bg7 19.Nf3 Ne4 20.Nxe4 Bxe4 21.Nxg5 Bxd4 
22.O-O-O Be5 23.f4 Bc7 24.Nxe4 dxe4 25.Bg2 a5 26.Bxe4 axb4 27.Rge1 Nxc5 
28.Bxc6+ Kf8 29.Bg2 Ra1+ 30.Kd2 Ra2 31.Rb1 Kg7 32.Re7 Rd8+ 33.Ke2 Ne6 34.
f5 Bxg3 35.fxe6 Kf6 36.Rxf7+ Kxe6 37.Rxb7 Rb8 38.Kd3 Rxb7 39.Bxb7 Be5 40.
Kc2 Ra7 41.Bc8+ Kf6 42.Kb3 Rc7 43.Rf1+ Kg6 44.Bf5+ Kg5 45.Be6 Kg6 46.Rf5 
Bf6 47.Rh5 Be7 48.Bf5+ Kf6 49.Rh6+ Kg7 50.Rh7+ Kf6 51.Bd3 Kg5 52.Rg7+ Kf6 
53.Rg6+ Kf7 54.Rb6 Rc1 55.Bc4+ Kg7 56.Re6 Bf8 57.Re4 Rg1 58.Ka4 Kg6 59.b3 
Ra1+ 60.Kb5 Ra8 61.Re5 Rb8+ 62.Kc6 Bg7 63.Bd3+ Kf7 64.Rf5+ Ke7 65.g5 Rc8+ 
66.Kb5 Bc3 67.Bc4 Rb8+ 68.Kc6 Rc8+ 69.Kb7 Rf8 70.Rc5 Rf3 71.Rc7+ Kd6 72.g6
Rg3 73.Bf7 Rg5 74.Rc6+ Kd7 75.Be6+ Ke7 76.Bc4 Rg3 77.Kc7 Rg4 78.Bf7 Re4 
79.Kb6 Rg4 80.Kc7 Re4 81.Kc8 Re3 82.Rc7+ Kd6 83.Rd7+ Kc5 84.Kb7 1-0